| 000 | 00810nam a22002537a 4500 | ||
|---|---|---|---|
| 003 | DO-SdBNP | ||
| 005 | 20240308073620.0 | ||
| 007 | ta | ||
| 008 | 130612s2013 dr a 000 0 spa d | ||
| 020 | _a9789945007527 | ||
| 040 |
_aDO-SdBNP _bspa _cBNPHU |
||
| 082 | 4 |
_bS787v _222 |
|
| 100 | 1 |
_aStanley, Avelino, _d1959- _91536 |
|
| 245 | 1 | 0 |
_aValores en Juan Pablo Duarte / _cAvelino Stanley ; ilustraciones Hampton Rodríguez |
| 250 | _a2a. ed. | ||
| 260 |
_aSanto Domingo : _bBúho, _bSantuario _c2013. |
||
| 300 |
_a95 p. : _bilustraciones ; _c22 cm. |
||
| 500 | _aIncluye datos biográficos del autor e ilustrador en las paginas 90-91 | ||
| 504 | _aBibliografía : p. 81-84 | ||
| 590 | _aInventariado, 2022/ YL | ||
| 700 | 1 |
_937974 _aRodríguez, Hampton _eil. |
|
| 910 | _aYLockward | ||
| 942 |
_2ddc _cLBS1 |
||
| 999 |
_c52532 _d52532 |
||